[Event "BL 9293 Solingen-Dortmund"]
[Site "?"]
[Date "1993.??.??"]
[Round "?.5"]
[White "Stein, B."]
[Black "Schaefer, Ma"]
[Result "1/2-1/2"]
[WhiteElo "2375"]
[BlackElo "2430"]
[PlyCount "128"]
[EventDate "1993.??.??"]

1. g3 g6 2. Bg2 Bg7 3. e4 c5 4. f4 Nc6 5. Nf3 e6 6. O-O Nge7 7. d3 O-O 8. c3 b6
9. Be3 d5 10. Qc2 Ba6 11. Rd1 Qd7 12. Bf2 d4 13. c4 e5 14. Qa4 Bb7 15. fxe5
Nxe5 16. Qxd7 Nxd7 17. Nbd2 Nc6 18. h3 Rae8 19. g4 Nde5 20. Nxe5 Nxe5 21. Nf3
Nxf3+ 22. Bxf3 f5 23. Re1 fxe4 24. Bxe4 Bxe4 25. Rxe4 Rxe4 26. dxe4 Rf3 27. Rd1
Bf6 28. Kg2 Rf4 29. b4 Rxe4 30. bxc5 bxc5 31. Re1 Rxe1 32. Bxe1 Kf7 33. Kf3 Ke6
34. Ke4 Bg5 35. Bg3 Be7 36. Bb8 a6 37. Bf4 Bd8 38. Kd3 Be7 39. Ke4 Bd6 40. Bg5
Bc7 41. Bh4 Bh2 42. Bg5 Kd6 43. Bf6 Bg1 44. Be5+ Kc6 45. Bg3 Kb6 46. Be1 Be3
47. Kd3 Bc1 48. Kc2 Ba3 49. Bd2 Bb4 50. Bf4 Be1 51. Bg5 Kc6 52. Kd3 Kd6 53.
Bf4+ Ke6 54. Ke4 h5 55. Bg5 hxg4 56. hxg4 Kd6 57. Bf4+ Kc6 58. Kd3 Kb6 59. Bd6
Bb4 60. Kc2 Kb7 61. Be7 Kb6 62. Bd8+ Kc6 63. Kd3 Be1 64. Be7 Bg3 1/2-1/2

[Event "BL 9293 Solingen-Dortmund"]
[Site "?"]
[Date "1993.??.??"]
[Round "?.6"]
[White "Thesing, M."]
[Black "Buecker, S."]
[Result "1-0"]
[WhiteElo "2385"]
[BlackElo "2365"]
[PlyCount "83"]
[EventDate "1993.??.??"]

1. d4 c5 2. e3 e6 3. Nf3 Nf6 4. c4 cxd4 5. exd4 b6 6. Nc3 Bb7 7. Bd3 Nc6 8. Bg5
h6 9. Bxf6 gxf6 10. O-O Rg8 11. Be2 Rc8 12. Rc1 Na5 13. b3 Bb4 14. Qd3 f5 15.
Qe3 Qf6 16. Nd5 Qg7 17. Nf4 Bd6 18. g3 Nc6 19. Rfd1 Ne7 20. Nh5 Qh8 21. a3 a5
22. b4 axb4 23. axb4 Bxb4 24. Rb1 Ba5 25. d5 Rg4 26. Rxb6 Re4 27. Qb3 Ba8 28.
Rb8 Rxe2 29. Rxc8+ Nxc8 30. Qb8 Kd8 31. Qxa8 Qc3 32. dxe6 fxe6 33. Nf6 Qxf6 34.
Qxa5+ Ke8 35. c5 Qd8 36. Qb5 Re4 37. c6 d6 38. Nd4 Qc7 39. Qb7 Kd8 40. Nb5 Qe7
41. c7+ Kd7 42. Na7 1-0

[Event "BL 9293 Solingen-Dortmund"]
[Site "?"]
[Date "1993.??.??"]
[Round "?.7"]
[White "Kalka, A."]
[Black "Schmidt, B."]
[Result "1-0"]
[WhiteElo "2385"]
[BlackElo "2340"]
[PlyCount "71"]
[EventDate "1993.??.??"]

1. e4 e6 2. d4 d5 3. Nc3 Nf6 4. Bg5 Be7 5. Bxf6 Bxf6 6. Nf3 O-O 7. e5 Be7 8.
Bd3 c5 9. h4 h6 10. Qd2 Nc6 11. dxc5 f6 12. exf6 Bxf6 13. Be2 Qa5 14. g4 Qb4
15. O-O-O b6 16. g5 hxg5 17. hxg5 Bxc3 18. bxc3 Qa3+ 19. Kb1 bxc5 20. Ka1 Ba6
21. Qe3 Rab8 22. Rb1 Rxb1+ 23. Rxb1 Bc8 24. Rb3 Qa5 25. Ne5 Nxe5 26. Qxe5 Qd8
27. g6 Qf6 28. Qh5 Rd8 29. Kb1 Kf8 30. c4 d4 31. Rf3 Qxf3 32. Qxf3+ Ke7 33. Bd3
Rf8 34. Qc6 Bd7 35. Qxc5+ Ke8 36. Qxa7 1-0

[Event "BL 9293 Bochum-Bielefeld"]
[Site "?"]
[Date "1993.??.??"]
[Round "?.1"]
[White "Richter, W."]
[Black "Glek, I."]
[Result "1-0"]
[WhiteElo "2430"]
[BlackElo "2545"]
[PlyCount "119"]
[EventDate "1993.??.??"]

1. d4 e6 2. e4 d5 3. Nc3 Nf6 4. exd5 exd5 5. Bg5 Be7 6. Bd3 Nc6 7. Nge2 Nb4 8.
Ng3 O-O 9. Nf5 Bxf5 10. Bxf5 g6 11. a3 Nc6 12. Bh3 Ne4 13. Bxe7 Nxe7 14. Nxe4
dxe4 15. O-O f5 16. f3 Nd5 17. Re1 Nf6 18. fxe4 Nxe4 19. g3 Ng5 20. Bg2 f4 21.
h4 Nf7 22. c3 fxg3 23. Qg4 Nh6 24. Qxg3 Nf5 25. Qe5 c6 26. Qe6+ Rf7 27. Re4
Nxh4 28. Rf1 Nf5 29. d5 cxd5 30. Rg4 Qb6+ 31. Qxb6 axb6 32. Bxd5 Kf8 33. Bxf7
Kxf7 34. Rb4 Rd8 35. Rxb6 Rd7 36. Kf2 h5 37. Kf3 Kg7 38. Rg1 Nd6 39. Rd1 Rf7+
40. Kg2 Nf5 41. Re1 g5 42. Ree6 Nh4+ 43. Kh3 Rd7 44. Rbd6 Rf7 45. Rb6 Rd7 46.
Red6 Rf7 47. a4 Rf3+ 48. Kh2 Rf2+ 49. Kg1 Rf7 50. Rh6 Nf3+ 51. Kh1 Rf4 52. Rhd6
Rf7 53. Rg6+ Kf8 54. Rgf6 g4 55. Rxf7+ Kxf7 56. Rxb7+ Kg6 57. Rb4 Kg5 58. a5 h4
59. Rxg4+ Kxg4 60. a6 1-0

[Event "BL 9293 Bochum-Bielefeld"]
[Site "?"]
[Date "1993.??.??"]
[Round "?.3"]
[White "Panzer, P."]
[Black "Schulz, KJ."]
[Result "1-0"]
[WhiteElo "2330"]
[BlackElo "2415"]
[PlyCount "93"]
[EventDate "1993.??.??"]

1. d4 e6 2. c4 d5 3. Nf3 c6 4. Qc2 Bd6 5. cxd5 exd5 6. Bg5 Ne7 7. Nc3 f6 8. Bh4
Bf5 9. Qd2 Nd7 10. e3 Nb6 11. Be2 Bg6 12. Bg3 Nf5 13. Nh4 Nxh4 14. Bxh4 Nc4 15.
Bxc4 dxc4 16. e4 O-O 17. O-O b5 18. f3 Qc7 19. h3 Rad8 20. Ne2 Rd7 21. g4 Re8
22. Qc2 h5 23. g5 fxg5 24. Bxg5 c5 25. d5 Bh2+ 26. Kh1 Rxd5 27. Nc3 Rxg5 28.
Qxh2 Qxh2+ 29. Kxh2 b4 30. f4 bxc3 31. bxc3 Rxe4 32. fxg5 Re2+ 33. Kg3 Kh7 34.
a4 Rc2 35. Ra3 Be4 36. Rf4 Rg2+ 37. Kh4 Bd5 38. Kxh5 g6+ 39. Kh4 Kg7 40. Ra1
Rc2 41. Rd1 Be6 42. Rd6 Bf5 43. Rf3 Bd3 44. Rd7+ Kg8 45. Re3 Kf8 46. Rd8+ Kf7
47. Rde8 1-0

[Event "BL 9293 Bochum-Bielefeld"]
[Site "?"]
[Date "1993.??.??"]
[Round "?.4"]
[White "Backwinkel, P."]
[Black "Kassebaum, R."]
[Result "1-0"]
[WhiteElo "2405"]
[BlackElo "2360"]
[PlyCount "81"]
[EventDate "1993.??.??"]

1. d4 Nf6 2. Nf3 c5 3. c3 g6 4. Bg5 Bg7 5. e3 O-O 6. Nbd2 b6 7. a4 Bb7 8. a5
cxd4 9. exd4 bxa5 10. Nc4 d6 11. Nxa5 Qb6 12. Nxb7 Qxb7 13. Bc1 Nbd7 14. Ba6
Qc7 15. O-O Nb6 16. Re1 Rab8 17. Bf1 Nfd5 18. Qe2 e6 19. Qa6 Rb7 20. Qa5 Nd7
21. Qxc7 Rxc7 22. Bd2 Rb8 23. Ra2 Rcb7 24. Rea1 Rxb2 25. Rxb2 Rxb2 26. Rxa7
N5b6 27. Be3 d5 28. g3 Bf8 29. Bf4 Rb3 30. Kg2 h6 31. h4 Kg7 32. Rb7 Be7 33.
Ne5 Nxe5 34. Bxe5+ Bf6 35. Bc7 Rxc3 36. Bxb6 Rb3 37. Ba6 g5 38. Bd8 Rxb7 39.
Bxf6+ Kxf6 40. hxg5+ hxg5 41. Bxb7 1-0

[Event "BL 9293 Bochum-Bielefeld"]
[Site "?"]
[Date "1993.??.??"]
[Round "?.5"]
[White "Pohl Kuemmel, JU."]
[Black "Von Gleich, A."]
[Result "0-1"]
[WhiteElo "2320"]
[BlackElo "2335"]
[PlyCount "52"]
[EventDate "1993.??.??"]

1. d4 Nf6 2. Nf3 d6 3. c4 g6 4. Nc3 Bg7 5. e4 O-O 6. Be2 Na6 7. O-O e5 8. Re1
c6 9. Bf1 exd4 10. Nxd4 Re8 11. Nb3 Be6 12. Bg5 Qc7 13. Rc1 h6 14. Bf4 Rad8 15.
h3 Nh5 16. Be3 Kh7 17. Qd2 Nc5 18. Bd4 Be5 19. g3 f5 20. exf5 Bxf5 21. g4 Qg7
22. Bxe5 dxe5 23. Qe3 Nd3 24. Kh2 Nhf4 25. gxf5 gxf5 26. Bxd3 Qg2# 0-1

[Event "BL 9293 Bochum-Bielefeld"]
[Site "?"]
[Date "1993.??.??"]
[Round "?.6"]
[White "Luecke, N."]
[Black "Meier, V."]
[Result "1-0"]
[WhiteElo "2410"]
[BlackElo "2310"]
[PlyCount "75"]
[EventDate "1993.??.??"]

1. e4 c5 2. Nf3 e6 3. d4 cxd4 4. Nxd4 Nf6 5. Nc3 d6 6. Be2 Be7 7. O-O Nc6 8.
Be3 O-O 9. Kh1 Bd7 10. f4 Qc7 11. Qe1 Rfd8 12. Qg3 a6 13. Rad1 b5 14. e5 Ne8
15. Ne4 f5 16. exf6 Nxf6 17. Ng5 Nxd4 18. Bxd4 Rf8 19. Bd3 h6 20. Nh7 Rf7 21.
Qg6 Rc8 22. Rde1 Qc6 23. Rf3 Qd5 24. c3 b4 25. Rh3 Bc6 26. Nxf6+ Rxf6 27. Qh7+
Kf7 28. Rg3 Rg8 29. Be4 Qb5 30. Bxf6 Bxf6 31. Qg6+ Ke7 32. Bxc6 Qxc6 33. Rge3
Qd5 34. cxb4 Rc8 35. Rxe6+ Kd7 36. Qg4 Kc7 37. Rd1 Qxa2 38. Rexd6 1-0

[Event "BL 9293 Bochum-Bielefeld"]
[Site "?"]
[Date "1993.??.??"]
[Round "?.7"]
[White "Geveke, M."]
[Black "Fette, M."]
[Result "1/2-1/2"]
[WhiteElo "2315"]
[BlackElo "2385"]
[PlyCount "52"]
[EventDate "1993.??.??"]

1. Nf3 Nf6 2. c4 c5 3. g3 Nc6 4. Bg2 d5 5. cxd5 Nxd5 6. Nc3 Nc7 7. d3 e5 8. Bd2
Be7 9. O-O O-O 10. a3 f6 11. Rc1 b6 12. b4 cxb4 13. Na2 b3 14. Rxc6 bxa2 15.
Qc2 Na6 16. Qxa2+ Kh8 17. Be3 Bb7 18. Rc3 Bd5 19. Qc2 Nc5 20. d4 Ne4 21. Rd3
Rc8 22. Qb2 Bc4 23. Rdd1 Qd6 24. dxe5 Qxa3 25. Qxa3 Bxa3 26. Ra1 Bb2 1/2-1/2

[Event "BL 9293 Kirchheim-Sindelfingen"]
[Site "?"]
[Date "1993.??.??"]
[Round "?.1"]
[White "Luther, T."]
[Black "Haba, P."]
[Result "0-1"]
[WhiteElo "2465"]
[BlackElo "2485"]
[PlyCount "87"]
[EventDate "1993.??.??"]

1. e4 e5 2. Nf3 Nc6 3. Bb5 a6 4. Ba4 Nf6 5. O-O Nxe4 6. d4 b5 7. Bb3 d5 8. dxe5
Be6 9. Nbd2 Nc5 10. c3 d4 11. Bxe6 Nxe6 12. cxd4 Ncxd4 13. Nxd4 Qxd4 14. a4 Rd8
15. Qf3 Bb4 16. Nb3 Qc4 17. axb5 axb5 18. Ra8 O-O 19. Rxd8 Rxd8 20. g3 Rd5 21.
Rd1 Rxe5 22. Na5 Qe4 23. Qxe4 Rxe4 24. Nc6 Bc5 25. Kf1 Rc4 26. Ne5 Rc2 27. Nd3
Bd4 28. Bd2 c5 29. b3 h5 30. Ke1 Ra2 31. Rb1 c4 32. bxc4 bxc4 33. Nb4 Bxf2+ 34.
Ke2 Nd4+ 35. Kxf2 Rxd2+ 36. Ke3 c3 37. Rc1 Nf5+ 38. Kf3 c2 39. h3 g6 40. g4
hxg4+ 41. hxg4 Rd1 42. Na2 Nd4+ 43. Ke4 f6 44. Ke3 0-1

[Event "BL 9293 Kirchheim-Sindelfingen"]
[Site "?"]
[Date "1993.??.??"]
[Round "?.2"]
[White "Gschnitzer, O."]
[Black "Gabriel, C."]
[Result "1/2-1/2"]
[WhiteElo "2475"]
[BlackElo "2500"]
[PlyCount "70"]
[EventDate "1993.??.??"]

1. Nf3 d5 2. d4 Nf6 3. c4 e6 4. Nc3 Be7 5. Bg5 O-O 6. e3 h6 7. Bxf6 Bxf6 8. Rc1
b6 9. cxd5 exd5 10. Bd3 Bb7 11. O-O Re8 12. b4 a5 13. b5 Nd7 14. Qb3 Nf8 15.
Bb1 Qd6 16. Rfe1 Rad8 17. Nd1 Rc8 18. Nb2 Be7 19. Bf5 Ne6 20. Nd3 Bf8 21. Nfe5
g6 22. Bh3 Bg7 23. Nc6 a4 24. Qd1 Ra8 25. Bxe6 Rxe6 26. Nf4 Re4 27. g3 h5 28.
Kg2 Bc8 29. Qd2 Qd7 30. f3 Re8 31. Nb4 Bb7 32. Rc2 Ra5 33. Rec1 Rc8 34. Nc6
Bxc6 35. bxc6 Qd6 1/2-1/2

[Event "BL 9293 Kirchheim-Sindelfingen"]
[Site "?"]
[Date "1993.??.??"]
[Round "?.3"]
[White "Fahnenschmidt, G."]
[Black "Vokac, M."]
[Result "1/2-1/2"]
[WhiteElo "2365"]
[BlackElo "2435"]
[PlyCount "35"]
[EventDate "1993.??.??"]

1. d4 g6 2. e4 Bg7 3. c4 c5 4. d5 d6 5. Nc3 Nf6 6. Nf3 O-O 7. h3 e6 8. Bd3 exd5
9. exd5 Re8+ 10. Be3 Bf5 11. O-O Bxd3 12. Qxd3 Nbd7 13. Rae1 a6 14. Bf4 Qc7 15.
Qd2 Rxe1 16. Rxe1 Re8 17. Rxe8+ Nxe8 18. Ne4 1/2-1/2

[Event "BL 9293 Kirchheim-Sindelfingen"]
[Site "?"]
[Date "1993.??.??"]
[Round "?.4"]
[White "Beckhuis, G."]
[Black "Mohr, S."]
[Result "1/2-1/2"]
[WhiteElo "2195"]
[BlackElo "2440"]
[PlyCount "97"]
[EventDate "1993.??.??"]

1. d4 d6 2. Nf3 Bg4 3. e4 Nf6 4. Nc3 e6 5. h3 Bh5 6. Bd3 Be7 7. Qe2 O-O 8. Bg5
Nc6 9. g4 Bg6 10. h4 h5 11. gxh5 Bxh5 12. Be3 Nd7 13. Nb1 e5 14. d5 Nd4 15.
Bxd4 exd4 16. Nbd2 Ne5 17. O-O-O c5 18. Rdg1 a6 19. Rh3 Bf6 20. Qf1 b5 21. Nxe5
dxe5 22. Be2 Bxe2 23. Qxe2 Qd6 24. Qh5 Rfd8 25. Nf3 Kf8 26. Ng5 Bxg5+ 27. Qxg5
Qh6 28. Qxh6 gxh6 29. Rf3 Rd6 30. Rf5 Re8 31. Kd2 c4 32. Rg3 b4 33. Ke2 a5 34.
Rgf3 Re7 35. Rf6 Red7 36. R3f5 Rxf6 37. Rxf6 a4 38. Rxh6 Rb7 39. b3 d3+ 40. Kd2
dxc2 41. Kxc2 cxb3+ 42. axb3 a3 43. Rc6 Kg7 44. h5 f6 45. Kb1 Rb8 46. Ka2 Rb7
47. Kb1 Rb8 48. Ka2 Rb7 49. Kb1 1/2-1/2

[Event "BL 9293 Kirchheim-Sindelfingen"]
[Site "?"]
[Date "1993.??.??"]
[Round "?.5"]
[White "Kraut, R."]
[Black "Mueller, O."]
[Result "0-1"]
[WhiteElo "2425"]
[BlackElo "2345"]
[PlyCount "36"]
[EventDate "1993.??.??"]

1. e4 c5 2. Nf3 d6 3. Nc3 Nf6 4. d4 cxd4 5. Qxd4 Bd7 6. Bg5 Nc6 7. Qd2 e6 8.
O-O-O Qa5 9. Bxf6 gxf6 10. Qf4 Rg8 11. Nd2 Ne5 12. Kb1 b5 13. Qxf6 Rg4 14. Qh8
Rg7 15. Nb3 Qb6 16. Nxb5 Bxb5 17. Bxb5+ Qxb5 18. Rxd6 Ng6 0-1

[Event "BL 9293 Kirchheim-Sindelfingen"]
[Site "?"]
[Date "1993.??.??"]
[Round "?.7"]
[White "Werner, Marc"]
[Black "Burkart, P."]
[Result "1/2-1/2"]
[WhiteElo "2350"]
[BlackElo "2285"]
[PlyCount "54"]
[EventDate "1993.??.??"]

1. e4 Nf6 2. e5 Nd5 3. d4 d6 4. Nf3 dxe5 5. Nxe5 c6 6. Bc4 Nd7 7. Nxd7 Bxd7 8.
O-O Bf5 9. Bg5 Qd6 10. Bb3 e6 11. Nd2 Be7 12. Nc4 Qc7 13. Bxe7 Nxe7 14. Qe2 O-O
15. Rad1 h6 16. Qe5 Qd7 17. Rfe1 Nd5 18. Qg3 Rfd8 19. Qf3 Qc7 20. Ne5 Re8 21.
c4 Nf6 22. g4 Bh7 23. h4 Rf8 24. g5 hxg5 25. hxg5 Nd7 26. g6 fxg6 27. Qh3 Rf5
1/2-1/2

[Event "BL 9293 Dresden-Erfurt"]
[Site "?"]
[Date "1993.??.??"]
[Round "?.1"]
[White "Kuczynski, R."]
[Black "Bologan, V."]
[Result "1/2-1/2"]
[WhiteElo "2525"]
[BlackElo "2520"]
[PlyCount "39"]
[EventDate "1993.??.??"]

1. e4 c5 2. Nf3 e6 3. d4 cxd4 4. Nxd4 a6 5. Bd3 g6 6. O-O Bg7 7. Nb3 d6 8. c4
Nd7 9. Nc3 Qc7 10. Bf4 Ne5 11. Rc1 b6 12. Re1 Nf6 13. Bf1 O-O 14. Qd2 Bb7 15.
Bh6 Bxh6 16. Qxh6 Rac8 17. f3 Rfe8 18. Qe3 Nfd7 19. Red1 Red8 20. Rd2 1/2-1/2

[Event "BL 9293 Dresden-Erfurt"]
[Site "?"]
[Date "1993.??.??"]
[Round "?.2"]
[White "Uhlmann, W."]
[Black "Casper, T."]
[Result "0-1"]
[WhiteElo "2500"]
[BlackElo "2425"]
[PlyCount "64"]
[EventDate "1993.??.??"]

1. c4 Nf6 2. Nc3 e5 3. Nf3 d6 4. d4 Nbd7 5. e4 g6 6. Be2 Bg7 7. O-O O-O 8. Be3
c6 9. Qc2 Ng4 10. Bg5 Bf6 11. Bxf6 Ngxf6 12. Rad1 Qe7 13. Rfe1 Re8 14. Bf1 Nh5
15. b4 Nf8 16. h3 Qf6 17. d5 Bxh3 18. dxc6 bxc6 19. gxh3 Qxf3 20. Rxd6 Ne6 21.
Re3 Qf4 22. b5 Qg5+ 23. Kh1 Nd4 24. Qd1 Qe7 25. c5 Rad8 26. bxc6 Rxd6 27. cxd6
Qxd6 28. Qa4 Qxc6 29. Qxa7 Qf6 30. Kg2 Nc2 31. Nd5 Qg5+ 32. Kf3 Nd4+ 0-1

[Event "BL 9293 Dresden-Erfurt"]
[Site "?"]
[Date "1993.??.??"]
[Round "?.3"]
[White "Jasnikowski, Z."]
[Black "Kaminski, U."]
[Result "1-0"]
[WhiteElo "2460"]
[BlackElo "2400"]
[PlyCount "61"]
[EventDate "1993.??.??"]

1. d4 Nf6 2. c4 g6 3. Nf3 Bg7 4. g3 d5 5. cxd5 Nxd5 6. Bg2 Nb6 7. O-O Nc6 8. e3
e5 9. Nc3 exd4 10. exd4 O-O 11. Bg5 f6 12. Bf4 Be6 13. Re1 Bf7 14. Rc1 a6 15.
Nd2 g5 16. Be3 f5 17. Nb3 Qf6 18. d5 Rad8 19. Bc5 Rfe8 20. Rxe8+ Bxe8 21. Qe2
Ne5 22. d6 Bf7 23. dxc7 Rc8 24. Bxb6 Qxb6 25. Nd5 Bxd5 26. Bxd5+ Kh8 27. Qe3
Qd6 28. Qc5 Qh6 29. Qe7 Ng4 30. h3 Qxh3 31. Bg2 1-0

[Event "BL 9293 Dresden-Erfurt"]
[Site "?"]
[Date "1993.??.??"]
[Round "?.4"]
[White "Borriss, M."]
[Black "Mueller, Mat"]
[Result "1-0"]
[WhiteElo "2395"]
[BlackElo "2395"]
[PlyCount "79"]
[EventDate "1993.??.??"]

1. e4 e5 2. Nf3 Nf6 3. Nxe5 d6 4. Nf3 Nxe4 5. d4 d5 6. Bd3 Bd6 7. O-O O-O 8. c4
c6 9. Nc3 Nxc3 10. bxc3 dxc4 11. Bxc4 Bg4 12. Rb1 Qc7 13. h3 Bf5 14. Rb2 b5 15.
Be2 a6 16. c4 Nd7 17. d5 bxc4 18. dxc6 Ne5 19. Nd4 Be4 20. Rb7 Qd8 21. Bf4 Qf6
22. Bg3 Rfd8 23. Qa4 Nd3 24. Qxc4 Bxg3 25. fxg3 Qxd4+ 26. Qxd4 Rxd4 27. Rfxf7
Ne5 28. Rxg7+ Kf8 29. Bf3 Nxf3+ 30. gxf3 Bxc6 31. Rbf7+ Ke8 32. Rc7 Rd7 33.
Rcxd7 Rc8 34. Rc7 Rxc7 35. Rxc7 Bd5 36. a3 h5 37. Kf2 Be6 38. Rc6 Ke7 39. Rxa6
Bxh3 40. Rh6 1-0

[Event "BL 9293 Dresden-Erfurt"]
[Site "?"]
[Date "1993.??.??"]
[Round "?.7"]
[White "Brueggemann, Joa"]
[Black "Andresen, S."]
[Result "0-1"]
[WhiteElo "2330"]
[BlackElo "2350"]
[PlyCount "108"]
[EventDate "1993.??.??"]

1. e4 c5 2. Nf3 Nc6 3. d4 cxd4 4. Nxd4 Nf6 5. Nc3 d6 6. Bg5 e6 7. Qd2 a6 8.
O-O-O h6 9. Bf4 Bd7 10. Nxc6 Bxc6 11. f3 d5 12. Qe1 Bb4 13. a3 Ba5 14. Bd2 Qe7
15. e5 Nd7 16. f4 g6 17. Ne2 Bxd2+ 18. Qxd2 Bb5 19. h4 h5 20. Nd4 Bxf1 21.
Rdxf1 Rc8 22. Rf3 Nc5 23. Rc3 O-O 24. Qe2 Ne4 25. Re3 Qc5 26. Rd1 Qc4 27. Rb3
Qxe2 28. Nxe2 Rc7 29. Rb6 Rfc8 30. c3 Nc5 31. Nd4 Kf8 32. Kc2 Ke7 33. Ra1 Nd7
34. Rd6 Rc4 35. Kd2 R8c7 36. Rg1 Nc5 37. Ke2 Na4 38. g4 hxg4 39. Rxg4 Nxb2 40.
h5 gxh5 41. Rg5 Rxd4 42. cxd4 Nc4 43. Rxh5 Nxd6 44. exd6+ Kxd6 45. Rh7 Kc6 46.
Kd3 Kb5 47. f5 exf5 48. Rh5 Ka4 49. Rxf5 Rd7 50. Rf6 Kxa3 51. Rb6 Ka4 52. Ke3
Ka5 53. Rb1 b5 54. Kf4 Re7 0-1

[Event "BL 9293 Dresden-Erfurt"]
[Site "?"]
[Date "1993.??.??"]
[Round "?.8"]
[White "Wegener, D."]
[Black "Troyke, C."]
[Result "1-0"]
[WhiteElo "2305"]
[BlackElo "2340"]
[PlyCount "41"]
[EventDate "1993.??.??"]

1. e4 c5 2. Nf3 Nf6 3. Nc3 Nc6 4. e5 Ng4 5. Qe2 Qc7 6. Nb5 Qb8 7. d4 a6 8. Nd6+
exd6 9. exd6+ Kd8 10. dxc5 b6 11. h3 Nh6 12. Bxh6 f6 13. Bf4 bxc5 14. Ng5 Ne5
15. Bxe5 fxg5 16. Bxg7 Qxd6 17. Bxh8 Be7 18. Bc3 Bb7 19. Qe5 Qb6 20. O-O-O d6
21. Bc4 1-0

[Event "BL 9293 Solingen-Stadthagen"]
[Site "?"]
[Date "1993.??.??"]
[Round "?.1"]
[White "Sax, G."]
[Black "Chandler, M."]
[Result "0-1"]
[WhiteElo "2570"]
[BlackElo "2555"]
[PlyCount "79"]
[EventDate "1993.??.??"]

1. e4 e6 2. Qe2 e5 3. Nf3 Nc6 4. c3 d6 5. d4 g6 6. dxe5 dxe5 7. Nbd2 Bh6 8. Nc4
Bxc1 9. Rxc1 Nf6 10. Nfxe5 Nxe5 11. Nxe5 Qe7 12. f4 O-O 13. Qe3 b6 14. Bd3 Bb7
15. O-O Rad8 16. Rce1 Kg7 17. Bc2 Qe6 18. b3 Rfe8 19. Bd3 Qd6 20. Bc4 Bxe4 21.
Bxf7 Re7 22. Bc4 Bb7 23. Re2 Ng4 24. Qg3 Qc5+ 25. Kh1 Nh6 26. Bd3 Qxc3 27. Qg5
Ng8 28. Nxg6 Qf6 29. Nxe7+ Qxg5 30. fxg5 Rxd3 31. Nxg8 Kxg8 32. Re8+ Kg7 33.
Re7+ Kg6 34. Rxc7 Be4 35. Re7 Bd5 36. Re2 Kxg5 37. Kg1 a5 38. h3 h5 39. Re5+
Kg6 40. Rf2 {Zeit} 0-1

[Event "BL 9293 Solingen-Stadthagen"]
[Site "?"]
[Date "1993.??.??"]
[Round "?.2"]
[White "Podzielny, KH."]
[Black "Khalifman, A."]
[Result "0-1"]
[WhiteElo "2450"]
[BlackElo "2630"]
[PlyCount "72"]
[EventDate "1993.??.??"]

1. Nf3 g6 2. g3 Bg7 3. c4 c5 4. Bg2 Nc6 5. Nc3 Nf6 6. O-O O-O 7. Rb1 d5 8. cxd5
Nxd5 9. Ng5 e6 10. Nge4 b6 11. d3 h6 12. a3 Bb7 13. Nxd5 exd5 14. Nc3 Ne7 15.
Bd2 Rc8 16. a4 Qd7 17. Ra1 Ba8 18. Qb3 Rfd8 19. a5 c4 20. Qa4 Bc6 21. Qa3 b5
22. Rad1 Rb8 23. Na2 d4 24. Nb4 Bxg2 25. Kxg2 Nc6 26. Qa1 Qd6 27. Nc2 Re8 28.
Rde1 Rxe2 29. Rxe2 cxd3 30. Re4 Qd5 31. f3 dxc2 32. Qc1 d3 33. Bxh6 Bh8 34.
Rfe1 Rd8 35. Bd2 Ne5 36. g4 Nxf3 0-1

[Event "BL 9293 Solingen-Stadthagen"]
[Site "?"]
[Date "1993.??.??"]
[Round "?.3"]
[White "Tischbierek, R."]
[Black "Zysk, R."]
[Result "0-1"]
[WhiteElo "2490"]
[BlackElo "2440"]
[PlyCount "132"]
[EventDate "1993.??.??"]

1. e4 e6 2. d4 d5 3. Nc3 Nf6 4. e5 Nfd7 5. f4 c5 6. Nf3 Nc6 7. Be3 cxd4 8. Nxd4
Bc5 9. Qd2 O-O 10. O-O-O Nxd4 11. Bxd4 a6 12. h4 b5 13. Rh3 Qb6 14. h5 Ra7 15.
Rg3 Bxd4 16. Qxd4 Qxd4 17. Rxd4 Nb8 18. Rd2 Nc6 19. Ne2 b4 20. Nd4 Bd7 21. h6
g6 22. a3 f6 23. Nxc6 Bxc6 24. Be2 fxe5 25. fxe5 a5 26. Rd4 Rf2 27. Kd1 bxa3
28. bxa3 Rb7 29. Ke1 Rf5 30. Re3 Rb1+ 31. Kd2 Rf2 32. Rf3 Rxf3 33. Bxf3 Kf7 34.
Rd3 Rh1 35. Rc3 Bd7 36. Rc7 Ke8 37. Ra7 a4 38. Ra8+ Ke7 39. Ra7 Rxh6 40. c4 Rh4
41. cxd5 exd5 42. Ke3 Ke6 43. g3 Rc4 44. Bxd5+ Kxd5 45. Rxd7+ Kxe5 46. Rxh7
Rc3+ 47. Kf2 Rxa3 48. Rh4 Ra1 49. Kg2 g5 50. Rg4 Kf5 51. Rb4 Ra2+ 52. Kf3 g4+
53. Ke3 Ra3+ 54. Ke2 Rxg3 55. Rxa4 Rf3 56. Ra1 Kf4 57. Rb1 Kg3 58. Rg1+ Kh3 59.
Rh1+ Kg2 60. Rh8 g3 61. Rg8 Rf2+ 62. Ke3 Kh2 63. Rh8+ Kg1 64. Rg8 g2 65. Ra8
Rf7 66. Ke2 Rh7 0-1

[Event "BL 9293 Solingen-Stadthagen"]
[Site "?"]
[Date "1993.??.??"]
[Round "?.4"]
[White "Reeh, O."]
[Black "Keitlinghaus, L."]
[Result "0-1"]
[WhiteElo "2435"]
[BlackElo "2455"]
[PlyCount "82"]
[EventDate "1993.??.??"]

1. e4 e5 2. Nf3 Nc6 3. Bb5 Nf6 4. d3 d6 5. c3 Bd7 6. O-O g6 7. Re1 Bg7 8. Nbd2
O-O 9. Nf1 Nh5 10. a4 Qe8 11. h3 Kh8 12. d4 a6 13. Bc4 h6 14. dxe5 Nxe5 15.
Nxe5 Qxe5 16. Ne3 Nf6 17. Nd5 Nxd5 18. exd5 Qf6 19. Be3 Rae8 20. Qb3 Bc8 21.
Bf1 Qd8 22. Qc4 f5 23. Bd4 Rf7 24. Bxg7+ Kxg7 25. Qd4+ Kh7 26. a5 Rfe7 27.
Rxe7+ Qxe7 28. c4 Qg7 29. Qd2 Re5 30. Rc1 Qf8 31. b4 Qf7 32. f4 Re8 33. c5 Rd8
34. cxd6 Rxd6 35. Qe3 Qd7 36. Bc4 c6 37. dxc6 Rxc6 38. Qe5 Qg7 39. Qe8 Be6 40.
Re1 Qd4+ 41. Kh1 Qxc4 0-1

[Event "BL 9293 Solingen-Stadthagen"]
[Site "?"]
[Date "1993.??.??"]
[Round "?.5"]
[White "Heissler, J."]
[Black "Schaefer, Ma"]
[Result "0-1"]
[WhiteElo "2410"]
[BlackElo "2430"]
[PlyCount "84"]
[EventDate "1993.??.??"]

1. Nf3 Nf6 2. d4 g6 3. c4 Bg7 4. Nc3 O-O 5. e4 d6 6. Be2 Na6 7. O-O e5 8. Be3
Qe8 9. dxe5 dxe5 10. h3 Nd7 11. a3 c6 12. b4 Qe7 13. c5 Nc7 14. Qb3 Kh8 15.
Rad1 f5 16. Rd6 Nf6 17. Bc4 f4 18. Bc1 Nfe8 19. Rfd1 b5 20. cxb6 Nxd6 21. bxc7
Qxc7 22. Bb2 Qe7 23. Na4 g5 24. Nc5 Nxc4 25. Qxc4 g4 26. hxg4 Bxg4 27. Qc3 Bf6
28. Rd2 Rae8 29. Nh2 Bc8 30. Nd3 Qg7 31. Nf3 Bh3 32. Nfe1 Bxg2 33. Nxg2 f3 34.
Nde1 fxg2 35. f3 Rg8 36. Rxg2 Qh6 37. Bc1 Qh4 38. Bd2 Rxg2+ 39. Nxg2 Rg8 40.
Qxc6 Bd8 41. Be3 Qe1+ 42. Kh2 Qg3+ 0-1

[Event "BL 9293 Solingen-Stadthagen"]
[Site "?"]
[Date "1993.??.??"]
[Round "?.6"]
[White "Thesing, M."]
[Black "Gauglitz, G."]
[Result "1/2-1/2"]
[WhiteElo "2385"]
[BlackElo "2415"]
[PlyCount "70"]
[EventDate "1993.??.??"]

1. e4 c5 2. Nc3 Nc6 3. Bb5 Nd4 4. a4 g6 5. Nge2 Bg7 6. O-O e6 7. Nxd4 cxd4 8.
Ne2 Ne7 9. c3 a6 10. Bc4 Nc6 11. Nxd4 Nxd4 12. cxd4 Bxd4 13. Qb3 O-O 14. d3 b6
15. Bf4 d6 16. Qb4 d5 17. Ba2 dxe4 18. dxe4 a5 19. Qd2 Bc5 20. Rfd1 Qxd2 21.
Rxd2 Bb7 22. e5 Rac8 23. Bb3 Rfd8 24. Rad1 Rxd2 25. Rxd2 Bc6 26. Bg5 Kf8 27. h4
h5 28. Kh2 Ke8 29. Kg3 Bd7 30. Bd1 Bb4 31. Rc2 Rxc2 32. Bxc2 Bc5 33. Be3 Bxe3
34. fxe3 Bc6 35. e4 Ke7 1/2-1/2

[Event "BL 9293 Solingen-Stadthagen"]
[Site "?"]
[Date "1993.??.??"]
[Round "?.8"]
[White "Jukic, B."]
[Black "Heilemann, M."]
[Result "0-1"]
[WhiteElo "2360"]
[BlackElo "2285"]
[PlyCount "120"]
[EventDate "1993.??.??"]

1. e4 g6 2. d4 Bg7 3. Nf3 c6 4. Nc3 d5 5. e5 Bg4 6. h3 Bxf3 7. Qxf3 e6 8. Bd3
Nd7 9. Ne2 Ne7 10. h4 c5 11. c3 cxd4 12. cxd4 h6 13. h5 g5 14. Qg4 Bf8 15. O-O
Qb6 16. a4 Nc6 17. Be3 Be7 18. Rfc1 a6 19. Kh1 Qb4 20. Qg3 Bd8 21. Rf1 Qe7 22.
f4 Nb4 23. Bb1 gxf4 24. Rxf4 f5 25. exf6 Nxf6 26. Bg6+ Kd7 27. Raf1 Bc7 28. Qh3
Bxf4 29. Nxf4 Kc6 30. Nxe6 Kb6 31. Bf4 Ne4 32. Bc7+ Ka7 33. Rf7 Qxf7 34. Bxf7
Nf2+ 35. Kh2 Nxh3 36. Kxh3 Rh7 37. Bg6 Re7 38. Bf5 Nc6 39. Bd6 Rf7 40. g4 Ne7
41. Bxe7 Rxe7 42. g5 hxg5 43. Kg4 Rae8 44. Nxg5 Re2 45. h6 Rg8 46. Kh4 Rh2+ 47.
Nh3 Rxb2 48. h7 Rh8 49. Ng5 Rb4 50. Nf7 Rxd4+ 51. Kg5 Rxh7 52. Bxh7 Rxa4 53.
Kf5 Kb6 54. Ke5 Kc5 55. Nd8 Rh4 56. Bf5 b5 57. Ne6+ Kc4 58. Nf4 Rxf4 59. Kxf4
Kc3 60. Ke3 a5 0-1